000 00833nam a2200229 i 4500
001 188054
003 ES-MaACL
005 20251108160754.0
008 180420s1953 fr |||| |bfre d
080 _a929 Bernardo de Claraval, Santo
100 1 _aCalmette, Joseph,
_d1873-1952
_933767
245 1 0 _aSaint Bernard /
_cJoseph Calmette et Henri David.
260 _aParis :
_bLibrairie Arthème Fayard,
_c[1953]
300 _a369 p. ;
_c19 cm.
490 1 _aLes grandes études historiques
504 _aBibliografía: p. [365]-368.
600 0 4 _aBernardo,
_cSanto,
_d1090?-1153
_928290
700 1 _aDavid, Henri,
_d1891-
_9164665
830 0 4 _aLes grandes études historiques
_9184869
852 _aES-MaACL
_jL-31933
_z. - Donat. herederos de la bibl. de Mª del Pilar Costa Palacín
999 _c188054
_d188054